000 00701nam a2200217Ia 4500
005 20250622124035.0
008 250617s9999||||xx |||||||||||||| ||ara||
017 _a2024/32696
_bمصر. دار الكتب
020 _a9789779603254
082 0 4 _a"818,03"
_bأ د
100 0 _aأحمد خالد توفيق
245 1 0 _aدعنى أخبرك بشئ /
_cأحمد خالد توفيق
250 _aط1
260 3 _aالقاهرة :
_b"الكرمة للنشر،"
_c2025.
300 _a110ص ؛
_b
_c17سم.
650 _aالأدب العربى
650 _aالأدب العربى الفلسفى
650 _aالمقالات العربية
942 _cBK
999 _c67642
_d67642